000
00268nam a2200109Ia 4500
008
190216s9999||||xx |||||||||||||| ||und||
100
_a
Goyal D P
245
0
_a
Management Information Systems
260
_b
Himalaya Publishing House
_c
2000
300
_a
426p
942
_c
BK
999
_c
5942
_d
5942